The pearson guide to Organic Chemistry for medical entrance examinations / (Record no. 76079)

MARC details
000 -LEADER
fixed length control field 00916nam a22002417a 4500
005 - DATE AND TIME OF LATEST TRANSACTION
control field 20200130130430.0
008 - FIXED-LENGTH DATA ELEMENTS--GENERAL INFORMATION
fixed length control field 080826t xxu||||| |||| 00| 0 eng d
010 ## - LCCN (DPL NO)
LC control number B-506588-589
020 ## - INTERNATIONAL STANDARD BOOK NUMBER
International Standard Book Number 9788131768532
Terms of availability 425.00
035 ## - SYSTEM CONTROL NUMBER
System control number B-506588-589
037 ## - SOURCE OF ACQUISITION
Stock number KKP/Ven
040 ## - CATALOGING SOURCE
Original cataloging agency DPL
Language of cataloging English
082 ## - DEWEY DECIMAL CLASSIFICATION NUMBER
Classification number 547
100 ## - MAIN ENTRY--PERSONAL NAME
Personal name Singhal, Atul
245 ## - TITLE STATEMENT
Title The pearson guide to Organic Chemistry for medical entrance examinations /
Remainder of title by Atul Singhal
246 ## - VARYING FORM OF TITLE
Title proper/short title Organic Chemistry for medical entrance examinations
260 ## - PUBLICATION, DISTRIBUTION, ETC. (IMPRINT)
Place of publication, distribution, etc Delhi
Name of publisher, distributor, etc Pearson Education
Date of publication, distribution, etc 20?
270 ## - ADDRESS
Address 7th Floor, Knowledge Boulevard, A-8(A), Sec-62
City Noida
Postal code 201309
300 ## - PHYSICAL DESCRIPTION
Extent Various pages
Dimensions 25 cm (pbk)
500 ## - GENERAL NOTE
General note .
942 ## - ADDED ENTRY ELEMENTS (KOHA)
Source of classification or shelving scheme Dewey Decimal Classification
Item type English Books
Call number suffix SIN
Classification part 547
Holdings
Withdrawn status Lost status Source of classification or shelving scheme Damaged status Not for loan Collection code Home library Current library Date acquired Source of acquisition Cost, normal purchase price Total Checkouts Full call number Barcode Date last seen Copy number Cost, replacement price Koha item type Total Renewals
    Dewey Decimal Classification     Non-fiction Sarojini Nagar Sarojini Nagar 30/05/2013 KKP/BL3018/19.3.13/172/19.3.13/22.3.13 4250.00   547 SIN B-506588 30/05/2013 1 425.00 English Books  
    Dewey Decimal Classification     Non-fiction Sarojini Nagar Sarojini Nagar 30/05/2013 KKP/BL3018/19.3.13/172/19.3.13/22.3.13 4250.00 3 547 SIN B-506589 26/05/2022 1 425.00 English Books 3

© Delhi Public Library
Hit Counter
free hit counter